00681nam a22002057a 450000500170000000800410001702000180005804000210007604100080009708200160010510000250012124500870014625000120023326000320024530000100027765000230028794200120031099900170032295201360033920240928065352.0240928b |||||||| |||| 00| 0 eng d a9789355016911 aIN-DiNCcIN-DiNC deng a910.54bKES aKeshri, Anileauthor aGeography of India through maps (for IAS/ PCS and academic exams)/cby Anil Keshri a8th ed. aNew Delhi:bS chand,c2023. a308p. aIndia through maps 2ddccBK c12006d12006 00102ddc40708GENaMAINbMAINcGENd2024-09-28g450.00l1o910.54 KESp30382r2025-02-25 04:02:39s2025-02-10t1w2024-09-28yBK